[Event "Barcelona Vila de Gracia op 9th"]
[Site "Barcelona"]
[Date "2015.10.30"]
[Round "5"]
[White "Villar Reymundo, Juan Antonio"]
[Black "Moratinos Izquierdo, Francisco"]
[Result "1/2-1/2"]
[WhiteElo "2210"]
[BlackElo "2129"]
[PlyCount "76"]
[EventDate "2015.10.02"]
[EventType "swiss"]
[EventRounds "9"]
[EventCountry "ESP"]
[SourceTitle "CBM 169 Extra"]
[Source "ChessBase"]
[SourceDate "2015.12.18"]
[SourceVersion "1"]
[SourceVersionDate "2015.12.18"]
[SourceQuality "1"]

1. c4 Nf6 2. Nc3 g6 3. g3 Bg7 4. Bg2 0-0 5. e3 d6 6. Nge2 c5 7. 0-0 Nc6 8. d4 Bf5 9. b3 Qa5 10. Bb2 Rad8 11. Qd2 d5 12. cxd5 Nxd5 13. e4 cxd4 14. exd5 dxc3 15. Bxc3 Bxc3 16. Qxc3 Qxc3 17. Nxc3 Nb4 18. Rfd1 Rd7 19. a3 Nc2 20. Ra2 Rc8 21. Ne2 Rdc7 22. h3 g5 23. Kh2 b5 24. b4 Kg7 25. Bf3 Rc4 26. Kg2 Be4 27. Bxe4 Rxe4 28. Kf1 f5 29. Rd3 Rcc4 30. d6 exd6 31. Rxd6 f4 32. Rd3 Kg6 33. gxf4 gxf4 34. Rd2 Nd4 35. Nxd4 Rexd4 36. Rxd4 Rxd4 37. Kg2 Rd3 38. a4 a6 1/2-1/2

[Event "Hospitalet op 4th"]
[Site "Hospitalet"]
[Date "2013.05.25"]
[Round "8"]
[White "Moratinos Izquierdo, Francisco"]
[Black "Ayala Abenza, Jose Luis"]
[Result "0-1"]
[WhiteElo "2040"]
[BlackElo "2067"]
[PlyCount "76"]
[EventDate "2013.04.06"]
[EventType "swiss"]
[EventRounds "8"]
[EventCountry "ESP"]
[SourceTitle "EXT 2014"]
[Source "ChessBase"]
[SourceDate "2013.11.20"]
[SourceVersion "1"]
[SourceVersionDate "2013.11.20"]
[SourceQuality "1"]

1. d4 d5 2. c4 c6 3. Nf3 Nf6 4. Nc3 a6 5. e3 b5 6. cxd5 cxd5 7. Ne5 e6 8. Bd3 Bd6 9. f4 Bb7 10. 0-0 Nbd7 11. Bd2 0-0 12. Qf3 b4 13. Ne2 Ne4 14. Bxe4 dxe4 15. Qh3 a5 16. Be1 Bd5 17. Bh4 f6 18. b3 Nb6 19. f5 Qe8 20. Ng4 exf5 21. Rxf5 Be6 22. Rxf6 gxf6 23. Bxf6 Bxg4 24. Qxg4+ Qg6 25. Qe6+ Qf7 26. Qg4+ Qg6 27. Qe6+ Rf7 28. Rf1 Raf8 29. Rf5 Qxf5 30. Qxf5 Rxf6 31. Qg4+ Kh8 32. g3 Rf1+ 33. Kg2 R1f2+ 34. Kh3 R8f6 35. Qh5 Bf8 36. Qe5 Nd7 37. Qb5 Rh6+ 38. Kg4 Nf6+ 0-1

[Event "Hospitalet op 4th"]
[Site "Hospitalet"]
[Date "2013.05.11"]
[Round "6"]
[White "Moratinos Izquierdo, Francisco"]
[Black "Capellades Subirana, Marc"]
[Result "0-1"]
[WhiteElo "2040"]
[BlackElo "2235"]
[PlyCount "89"]
[EventDate "2013.04.06"]
[EventType "swiss"]
[EventRounds "8"]
[EventCountry "ESP"]
[SourceTitle "EXT 2014"]
[Source "ChessBase"]
[SourceDate "2013.11.20"]
[SourceVersion "1"]
[SourceVersionDate "2013.11.20"]
[SourceQuality "1"]

1. d4 Nf6 2. c4 e6 3. Nc3 Bb4 4. a3 Bxc3+ 5. bxc3 d6 6. g3 Nbd7 7. Bg2 e5 8. e4 Qe7 9. Qc2 0-0 10. Ne2 Re8 11. f3 Nb6 12. Qd3 Be6 13. d5 Bd7 14. Be3 Na4 15. Rb1 b6 16. 0-0 Red8 17. Nc1 Bc8 18. Rb4 Nc5 19. Bxc5 bxc5 20. Rb5 a5 21. Nb3 a4 22. Na5 Bd7 23. Rfb1 Qe8 24. Qc2 Bxb5 25. Rxb5 Rdb8 26. Nc6 Rxb5 27. cxb5 Nd7 28. c4 Nb8 29. Bh3 Nxc6 30. dxc6 Qe7 31. Qd2 h6 32. Kf2 Kh7 33. Bd7 g6 34. h4 Kg7 35. Bh3 Rf8 36. Qc2 f5 37. exf5 Qf6 38. Qxa4 gxf5 39. Qa5 f4 40. Qxc7+ Kh8 41. Bg4 e4 42. gxf4 exf3 43. f5 Qd4+ 44. Kxf3 Re8 45. Kg3 0-1